LEADER 01965cam0-2200541---450- 001 990000077490203316 005 20060912121203.0 010 $a0-87262-906-6 035 $a0007749 035 $aUSA010007749 035 $a(ALEPH)000007749USA01 035 $a0007749 100 $a20000914d1992----|||y0itay0103----ba 101 0 $aeng 102 $aUS 105 $aa---||||001yy 200 1 $aExcavation and support for the urban infrastructure$epapers prepared for sessions sponsored by the Geotechnical Engineering Division of the American Society of civil engineers in conjunction with the ASCE International Convention and exposition$eSeptember 14 and 15, 1992 in New York, New York$fedited by T.D.O'Rourke and A.G.Hobelman 210 $aChicago$cAmerican Society of Civil Engineers$dcopyr.1992 215 $aVII, 264 p.$cill.$d22 cm 225 $aGeotechnical special publication$v33 410 0$12001$aGeotechnical special publication 606 0 $aEscavazione$xCongressi$z1992 606 0 $aMuri di sostegno$xCongressi$z1992 676 $a624.152 702 1$aHOBELMAN,$bA.G. 702 1$aO'ROURKE,$bT.D. 801 $aIT$bSALBC$gISBD 912 $a990000077490203316 951 $a624.152 EXC$b13685 Ing.$c624.152$d00000987 959 $aBK 969 $aUMA 979 $c20000914$lUSA01$h1735 979 $c20000919$lUSA01$h1048 979 $c20000919$lUSA01$h1521 979 $c20001019$lUSA01$h1056 979 $c20001019$lUSA01$h1453 979 $c20001019$lUSA01$h1501 979 $c20001019$lUSA01$h1538 979 $c20001024$lUSA01$h1514 979 $c20001027$lUSA01$h1519 979 $c20001027$lUSA01$h1523 979 $c20001110$lUSA01$h1710 979 $c20001124$lUSA01$h1208 979 $c20020403$lUSA01$h1615 979 $aPATRY$b90$c20040406$lUSA01$h1606 979 $aPATRY$b90$c20060912$lUSA01$h1212 996 $aExcavation and support for the urban infrastructure$91515014 997 $aUNISA LEADER 02356nam 2200649 a 450 001 9910465619503321 005 20200520144314.0 010 $a0-19-162789-5 010 $a9786613593962 010 $a1-280-49873-0 035 $a(CKB)2560000000296344 035 $a(EBL)3054515 035 $a(OCoLC)922971150 035 $a(SSID)ssj0000595937 035 $a(PQKBManifestationID)11352318 035 $a(PQKBTitleCode)TC0000595937 035 $a(PQKBWorkID)10556025 035 $a(PQKB)11055642 035 $a(StDuBDS)EDZ0000056411 035 $a(MiAaPQ)EBC3054515 035 $a(PPN)169260232 035 $a(Au-PeEL)EBL3054515 035 $a(CaPaEBR)ebr10531080 035 $a(CaONFJC)MIL359396 035 $a(EXLCZ)992560000000296344 100 $a20111007d2012 uy 0 101 0 $aeng 135 $aur|n|---||||| 181 $ctxt 182 $cc 183 $acr 200 13$aAn introduction to model-based survey sampling with applications$b[electronic resource] /$fRaymond L. Chambers, Robert G. Clark 210 $aOxford ;$aNew York $cOxford University Press$d2012 215 $a1 online resource (280 p.) 225 1 $aOxford statistical science series ;$v37 300 $aDescription based upon print version of record. 311 $a0-19-856662-X 311 $a0-19-173844-1 320 $aIncludes bibliographical references and index. 327 $apt. 1. Basics of model-based survey inference -- pt. 2. Robust model-based survey methods -- pt. 3. Applications of model-based survey inference. 330 8 $aThis text brings together important ideas on the model-based approach to sample survey, which has been developed over the last 20 years. 410 0$aOxford statistical science series ;$v37. 606 $aSampling (Statistics)$xMethodology 606 $aSampling (Statistics)$xMathematical models 608 $aElectronic books. 615 0$aSampling (Statistics)$xMethodology. 615 0$aSampling (Statistics)$xMathematical models. 676 $a519.5/2 700 $aChambers$b R. L$g(Ray L.)$0166179 701 $aClark$b Robert G$0466 801 0$bMiAaPQ 801 1$bMiAaPQ 801 2$bMiAaPQ 906 $aBOOK 912 $a9910465619503321 996 $aAn introduction to model-based survey sampling with applications$92102026 997 $aUNINA